MARC details
| 000 -CABECERA |
| campo de control de longitud fija |
00921nam a2200253 a 4500 |
| 001 - NÚMERO DE CONTROL |
| campo de control |
000002427 |
| 005 - FECHA Y HORA DE LA ÚLTIMA TRANSACCIÓN |
| campo de control |
20200929150208.0 |
| 008 - DATOS DE LONGITUD FIJA--INFORMACIÓN GENERAL |
| campo de control de longitud fija |
090702s2004 sp 000 0 spa d |
| 020 ## - NÚMERO INTERNACIONAL ESTÁNDAR DEL LIBRO |
| Número Internacional Estándar del Libro |
8493350419 |
| 040 ## - FUENTE DE LA CATALOGACIÓN |
| Centro catalogador/agencia de origen |
DO-SdBNP |
| Lengua de catalogación |
spa |
| Centro/agencia transcriptor |
BNPHU |
| 082 ## - NÚMERO DE LA CLASIFICACIÓN DECIMAL DEWEY |
| Número de clasificación |
686.20945 |
| Número de documento/Ítem |
C259s |
| 100 1# - ENTRADA PRINCIPAL--NOMBRE DE PERSONA |
| Nombre de persona |
Caramuel, Juan, |
| Fechas asociadas al nombre |
1606-1682 |
| 9 (RLIN) |
7679 |
| 245 10 - MENCIÓN DE TÍTULO |
| Título |
Syntagma de arte typographica / |
| Mención de responsabilidad, etc. |
Juan Caramuel ; edición, traducción y glosa de Pablo Andrés Escapa. |
| 260 ## - PUBLICACIÓN, DISTRIBUCIÓN, ETC. |
| Lugar de publicación, distribución, etc. |
Salamanca : |
| Nombre del editor, distribuidor, etc. |
Instituto de Historia del Libro y de la Lectura, |
| Fecha de publicación, distribución, etc. |
2004. |
| 300 ## - DESCRIPCIÓN FÍSICA |
| Extensión |
240 p. ; |
| Dimensiones |
23 cm. |
| 490 1# - MENCIÓN DE SERIE |
| Mención de serie |
Minor |
| Designación de volumen o secuencia |
3 |
| 500 ## - NOTA GENERAL |
| Nota general |
Incluye referencias bibliográficas y notas al pie de las páginas |
| 504 ## - NOTA DE BIBLIOGRAFÍA, ETC. |
| Nota de bibliografía, etc. |
Bibliografía : p. 233-240 |
| 650 #4 - PUNTO DE ACCESO ADICIONAL DE MATERIA--TÉRMINO DE MATERIA |
| Término de materia o nombre geográfico como elemento de entrada |
Tipografia |
| Subdivisión geográfica |
Italia |
| 9 (RLIN) |
7680 |
| 650 #4 - PUNTO DE ACCESO ADICIONAL DE MATERIA--TÉRMINO DE MATERIA |
| Término de materia o nombre geográfico como elemento de entrada |
Tipografia |
| Subdivisión general |
Obras anteriores a 1800 |
| 9 (RLIN) |
7681 |
| 700 12 - PUNTO DE ACCESO ADICIONAL--NOMBRE DE PERSONA |
| Nombre de persona |
Escapa, Pablo Andrés, |
| Término indicativo de función/relación |
tr. |
| 9 (RLIN) |
7409 |
| 830 #0 - PUNTO DE ACCESO ADICIONAL DE SERIE-TÍTULO UNIFORME |
| Título uniforme |
Minor |
| Número de parte o sección de la obra |
3 |
| 9 (RLIN) |
7682 |
| 910 ## - DATOS DE OPCIÓN DEL USUARIO (OCLC) |
| Datos de opción del usuario |
Validado. Control de calidad MFF |